000 00772nam a22002177a 4500
008 230405s2018 xxk|||||r|||| 00| 0 eng d
041 _aeng
050 _a693.71
110 _aBritish Constructional Steelwork Association
245 _aSteel construction:
_bcost
260 _bBritish Constructional Steelwork Association,
_cMay 2018
300 _a27p.
_c30cm
520 _aHow to cost steel-framed buildings. Articles on specific use cases for offices, education, industrial, retail and mixed-use.
650 _aBUILDING COSTS
650 _aSTEEL
651 _aUnited Kingdom
690 _96230
_aConstruction management
710 _aBritish Constructional Steelwork Association
856 _uhttp://
_zAvailable free on RICS.org
942 _n0
999 _c121454
_d121454